000 00591nam a2200181 a 4500
001 000026272
005 20250221073755.0
008 110308s2006 dr b 000 0 spa d
040 _aDO-SdBNP
_bspa
_cBNPHU
082 _axxx
_bR426d
110 1 _aRepública Dominicana.
_bOficina Nacional de Estadística
_95775
245 1 0 _aRepública Dominicana en cifras 2006.
260 _aSanto Domingo :
_bONE,
_c2006.
300 _a176 p. :
_bmap. ;
_c28 cm.
500 _aIncluye notas al pie de páginas
710 1 _aRepública Dominicana.
_bOficina Nacional de Estadística
_95775
049 _aBNPD
999 _c25764
_d25764